[Event "GER-chT U20"]
[Site "Osnabrueck"]
[Date "2013.12.29"]
[Round "6.3"]
[White "Ospina Ocampo, Camilo"]
[Black "Friedt, Marius"]
[Result "1-0"]
[WhiteElo "1741"]
[BlackElo "1821"]
[PlyCount "109"]
[EventDate "2013.12.27"]
[EventType "team-swiss"]
[EventRounds "7"]
[EventCountry "GER"]
[SourceTitle "EXT 2015"]
[Source "ChessBase"]
[SourceDate "2014.11.20"]
[SourceVersion "1"]
[SourceVersionDate "2014.11.20"]
[SourceQuality "1"]
[WhiteTeam "Karlsruhe"]
[BlackTeam "Erfurt"]
[WhiteTeamCountry "GER"]
[BlackTeamCountry "GER"]

1. d4 Nf6 2. Nf3 e6 3. c4 b6 4. Nc3 Bb4 5. Bg5 h6 6. Bh4 Bb7 7. a3 Bxc3+ 8. bxc3 0-0 9. e3 d5 10. Bd3 Nbd7 11. 0-0 Qe8 12. Bg3 Rc8 13. cxd5 exd5 14. Qa4 a6 15. Bf5 b5 16. Qa5 Qd8 17. Bh4 c5 18. Qxd8 Rcxd8 19. Bxd7 Rxd7 20. Ne5 Rc7 21. Bxf6 gxf6 22. Nd3 c4 23. Nc5 Ra8 24. f3 Re7 25. Kf2 f5 26. Kg3 Kg7 27. Kf4 Rae8 28. Rfe1 Kg6 29. a4 Bc6 30. Nxa6 bxa4 31. Nb4 Re6 32. Re2 Ra8 33. Ra3 Rd6 34. Rea2 Bb5 35. Rb2 Rb8 36. Nc2 Rbb6 37. Ra1 Bd7 38. Rxb6 Rxb6 39. Nb4 h5 40. Nxd5 Rb3 41. Ke5 Kg7 42. Kd6 Be6 43. Rxa4 Bxd5 44. Kxd5 Rxc3 45. Rxc4 Rxe3 46. Rc2 h4 47. h3 Kf6 48. Kd6 Re6+ 49. Kd7 Re7+ 50. Kd8 Re3 51. Rc6+ Kg7 52. d5 f6 53. d6 Kf8 54. d7 Rd3 55. Rxf6+ 1-0

[Event "GER-chT U20"]
[Site "Osnabrueck"]
[Date "2013.12.28"]
[Round "3.3"]
[White "Friedt, Marius"]
[Black "Faldum, Manfred"]
[Result "1-0"]
[WhiteElo "1821"]
[BlackElo "1927"]
[PlyCount "99"]
[EventDate "2013.12.27"]
[EventType "team-swiss"]
[EventRounds "7"]
[EventCountry "GER"]
[SourceTitle "EXT 2015"]
[Source "ChessBase"]
[SourceDate "2014.11.20"]
[SourceVersion "1"]
[SourceVersionDate "2014.11.20"]
[SourceQuality "1"]
[WhiteTeam "Erfurt"]
[BlackTeam "Heidesheim"]
[WhiteTeamCountry "GER"]
[BlackTeamCountry "GER"]

1. e4 c5 2. Nf3 g6 3. d4 cxd4 4. c3 d3 5. Bxd3 Bg7 6. 0-0 Nc6 7. Bf4 d6 8. Qe2 Nf6 9. Nbd2 0-0 10. Rfe1 Nd7 11. Nc4 Nc5 12. Rad1 b5 13. Ne3 b4 14. cxb4 Nxb4 15. Bc4 Qc7 16. Nd5 Nxd5 17. exd5 Re8 18. Nd4 Bd7 19. Nb5 Qb7 20. b3 Rab8 21. Nd4 Qb6 22. Be3 Qb7 23. Qf3 Rbc8 24. h4 a5 25. Nc6 Bf6 26. Bg5 Bxc6 27. Bxf6 exf6 28. dxc6 Rxe1+ 29. Rxe1 Qxc6 30. Qxf6 d5 31. Qxc6 Rxc6 32. Bxd5 Rd6 33. Bc4 Rd7 34. Re5 Rc7 35. Re8+ Kg7 36. Ra8 a4 37. bxa4 Ne4 38. Bb3 Rc1+ 39. Kh2 Nxf2 40. Ra7 Ng4+ 41. Kg3 Ne5 42. a5 Rc6 43. a6 Rd6 44. Re7 Kf6 45. a7 Ra6 46. Rc7 Kf5 47. Bd5 Ra3+ 48. Kh2 Ng4+ 49. Kg1 Rd3 50. Rxf7+ 1-0

[Event "GER-chT U20"]
[Site "Osnabrueck"]
[Date "2013.12.27"]
[Round "1.3"]
[White "Friedt, Marius"]
[Black "Vogt, Marc Jonas"]
[Result "1-0"]
[WhiteElo "1821"]
[BlackElo "1981"]
[PlyCount "109"]
[EventDate "2013.12.27"]
[EventType "team-swiss"]
[EventRounds "7"]
[EventCountry "GER"]
[SourceTitle "EXT 2015"]
[Source "ChessBase"]
[SourceDate "2014.11.20"]
[SourceVersion "1"]
[SourceVersionDate "2014.11.20"]
[SourceQuality "1"]
[WhiteTeam "Erfurt"]
[BlackTeam "Stade"]
[WhiteTeamCountry "GER"]
[BlackTeamCountry "GER"]

1. e4 c5 2. Nf3 Nc6 3. d4 cxd4 4. c3 d5 5. exd5 Qxd5 6. cxd4 e6 7. Nc3 Qd6 8. Bc4 Nf6 9. 0-0 Be7 10. d5 Nxd5 11. Nxd5 exd5 12. Qxd5 Qxd5 13. Bxd5 0-0 14. Bg5 Bxg5 15. Nxg5 h6 16. Nf3 Bf5 17. Bxc6 bxc6 18. Rac1 Be4 19. Nd4 Rac8 20. f3 Bd5 21. b3 Rfe8 22. Kf2 Re7 23. Rc5 Rce8 24. Rfc1 Rd7 25. R1c2 Rc8 26. Ke3 Re8+ 27. Kd3 Re1 28. Kc3 Re3+ 29. Kb2 Be4 30. Rd2 Bd5 31. Nc2 Re6 32. Nb4 Kf8 33. Kc3 Re3+ 34. Kc2 Re6 35. Nxd5 Rxd5 36. Rcxd5 cxd5 37. Rxd5 Ke7 38. Kd2 Rg6 39. g3 Rc6 40. Rb5 Ke6 41. a4 g6 42. Rb7 a5 43. Rb5 Ra6 44. Kc3 Kd6 45. b4 axb4+ 46. Kxb4 Rc6 47. a5 Ke7 48. Rc5 Rd6 49. Kb5 Rd2 50. a6 Ra2 51. Kb6 Kd6 52. Rb5 Rc2 53. a7 Rc8 54. Kb7 Rc7+ 55. Kb8 1-0

[Event "GER-chT U20"]
[Site "Osnabrueck"]
[Date "2013.12.27"]
[Round "2.3"]
[White "Mueller, Richard"]
[Black "Friedt, Marius"]
[Result "0-1"]
[WhiteElo "2123"]
[BlackElo "1821"]
[PlyCount "64"]
[EventDate "2013.12.27"]
[EventType "team-swiss"]
[EventRounds "7"]
[EventCountry "GER"]
[SourceTitle "EXT 2015"]
[Source "ChessBase"]
[SourceDate "2014.11.20"]
[SourceVersion "1"]
[SourceVersionDate "2014.11.20"]
[SourceQuality "1"]
[WhiteTeam "Coswig"]
[BlackTeam "Erfurt"]
[WhiteTeamCountry "GER"]
[BlackTeamCountry "GER"]

1. d4 Nf6 2. c4 e6 3. Nc3 Bb4 4. e3 b6 5. Nge2 Bb7 6. a3 Bxc3+ 7. Nxc3 0-0 8. f3 d6 9. d5 c6 10. dxc6 Nxc6 11. Be2 d5 12. cxd5 exd5 13. Nb5 Re8 14. Nd4 Nh5 15. 0-0 Nf4 16. Bb5 Nxd4 17. exd4 Qf6 18. Bxf4 Qxf4 19. Bxe8 Rxe8 20. Qa4 Qe3+ 21. Kh1 a5 22. b4 Ba6 23. b5 Bc8 24. Qd1 Qf4 25. Re1 Be6 26. Rc1 g5 27. Qd3 Kh8 28. Qe3 Qh4 29. Qe5+ Kg8 30. Qf6 Qh5 31. Rc7 Qh4 32. Rxe6 Qe1+ 0-1

[Event "GER-chT Schools WK II"]
[Site "Verden an der Aller"]
[Date "2011.05.14"]
[Round "2.1"]
[White "Friedt, Marius"]
[Black "Klosa, Kevin"]
[Result "0-1"]
[WhiteElo "1917"]
[BlackElo "1669"]
[PlyCount "69"]
[EventDate "2011.05.14"]
[EventType "team-swiss"]
[EventRounds "7"]
[EventCountry "GER"]
[SourceTitle "EXT 2022"]
[Source "ChessBase"]
[SourceDate "2021.10.06"]
[SourceVersion "1"]
[SourceVersionDate "2021.10.06"]
[SourceQuality "1"]
[WhiteTeam "Erfurt Edith Stein Schule U17"]
[BlackTeam "St Johannis Schule U17"]
[WhiteTeamCountry "GER"]
[BlackTeamCountry "GER"]

1. e4 e5 2. Nf3 Nc6 3. Bc4 Bc5 4. c3 Nf6 5. d4 exd4 6. cxd4 Bb4+ 7. Nc3 Nxe4 8. 0-0 Bxc3 9. d5 Na5 10. bxc3 Nxc4 11. Re1 Ncd6 12. Nd2 0-0 13. Nxe4 Nxe4 14. Rxe4 d6 15. Bb2 Bf5 16. Rf4 Qg5 17. Qf3 Bg6 18. h4 Qe5 19. Rb4 Rab8 20. c4 Qe4 21. Qc3 f6 22. Re1 Qxh4 23. Re7 Rf7 24. c5 Qxb4 25. Qxb4 Rxe7 26. cxd6 cxd6 27. Qxd6 Rbe8 28. Ba3 Bf7 29. f4 Re1+ 30. Kh2 Rd1 31. Qd7 Rxd5 32. Qxb7 Rh5+ 33. Kg3 Ra5 34. Qb4 Re3+ 35. Kh2 0-1

[Event "GER-chT U16"]
[Site "Naumburg"]
[Date "2010.12.30"]
[Round "7.1"]
[White "Eichinger, Christoph"]
[Black "Friedt, Marius"]
[Result "1/2-1/2"]
[WhiteElo "1918"]
[BlackElo "1775"]
[PlyCount "83"]
[EventDate "2010.12.27"]
[EventType "team-swiss"]
[EventRounds "7"]
[EventCountry "GER"]
[SourceTitle "CBM 140 Extra"]
[Source "ChessBase"]
[SourceDate "2011.03.01"]
[SourceVersion "1"]
[SourceVersionDate "2011.03.01"]
[SourceQuality "1"]
[WhiteTeam "Lappersdorf"]
[BlackTeam "Erfurt SK"]
[WhiteTeamCountry "GER"]
[BlackTeamCountry "GER"]

1. e4 c5 2. Nf3 Nc6 3. d4 cxd4 4. Nxd4 g6 5. Be3 Bg7 6. Nc3 Nf6 7. f3 0-0 8. Qd2 d5 9. exd5 Nxd5 10. Nxc6 bxc6 11. Bd4 Bxd4 12. Qxd4 Qa5 13. Qd2 Nxc3 14. Qxc3 Qxc3+ 15. bxc3 Be6 16. Bd3 Rab8 17. Kd2 Rfd8 18. Rhb1 Rb6 19. a4 Rd5 20. Rxb6 axb6 21. Ke3 Re5+ 22. Kd2 Rg5 23. g3 Rh5 24. Rb1 Rxh2+ 25. Ke3 b5 26. axb5 cxb5 27. Rxb5 h5 28. c4 Bxc4 29. Bxc4 Rxc2 30. Bd3 Rh2 31. Be4 Rh3 32. Kf4 Kg7 33. Rb7 Kf6 34. Rb6+ Kg7 35. Rb7 Kf6 36. Rb6+ e6 37. Rb5 Rh2 38. g4 hxg4 39. fxg4 g5+ 40. Ke3 Rh3+ 41. Bf3 Rh2 42. Ra5 1/2-1/2

[Event "GER-ch U10"]
[Site "Willingen"]
[Date "2005.05.21"]
[Round "11"]
[White "Von Freydorf, Sofia"]
[Black "Friedt, Marius"]
[Result "1/2-1/2"]
[WhiteElo "965"]
[BlackElo "1127"]
[PlyCount "59"]
[EventDate "2005.05.14"]
[EventType "swiss"]
[EventRounds "11"]
[EventCountry "GER"]
[SourceTitle "CBM 106 Extra"]
[Source "ChessBase"]
[SourceDate "2005.07.01"]
[SourceVersion "1"]
[SourceVersionDate "2005.07.01"]
[SourceQuality "1"]

1. e4 c5 2. Nf3 Nc6 3. Bc4 g6 4. 0-0 Bg7 5. Nc3 Nf6 6. Qe2 d6 7. d3 0-0 8. Be3 a6 9. Rad1 b5 10. Bd5 Nxd5 11. Nxd5 Bb7 12. b3 f5 13. Rd2 fxe4 14. dxe4 Ne5 15. Nxe5 Bxe5 16. Qg4 Bxd5 17. Rxd5 Rf7 18. Bxc5 Rc8 19. Bd4 Bxd4 20. Rxd4 Rxc2 21. a4 Qc7 22. h3 Qc5 23. Qd1 bxa4 24. bxa4 Rc4 25. Rxc4 Qxc4 26. Re1 Qc5 27. Qd2 e6 28. Rc1 Rxf2 29. Rxc5 Rxd2 30. Rc6 1/2-1/2

[Event "GER-ch U10"]
[Site "Willingen"]
[Date "2005.05.20"]
[Round "10"]
[White "Friedt, Marius"]
[Black "Titgemeyer, Sven"]
[Result "0-1"]
[WhiteElo "1127"]
[BlackElo "1041"]
[PlyCount "118"]
[EventDate "2005.05.14"]
[EventType "swiss"]
[EventRounds "11"]
[EventCountry "GER"]
[SourceTitle "CBM 106 Extra"]
[Source "ChessBase"]
[SourceDate "2005.07.01"]
[SourceVersion "1"]
[SourceVersionDate "2005.07.01"]
[SourceQuality "1"]

1. e4 e5 2. Nf3 Nc6 3. Bc4 Bc5 4. c3 Nf6 5. d4 exd4 6. cxd4 Bb4+ 7. Nc3 Nxe4 8. 0-0 Bxc3 9. d5 Ne5 10. Nxe5 Bxe5 11. Re1 Qh4 12. g3 Qf6 13. Rxe4 0-0 14. Bf4 Bxf4 15. Rxf4 Qxb2 16. Qe1 Qa3 17. Rd1 Qd6 18. Bd3 b6 19. Qe2 Bb7 20. Rh4 h6 21. Qe4 f5 22. Qf4 Qxf4 23. Rxf4 Bxd5 24. Bxf5 Bc6 25. Bxd7 Bxd7 26. Rxf8+ Kxf8 27. Rxd7 c5 28. Kf1 c4 29. Rc7 b5 30. Ke2 a6 31. Kd2 g6 32. Kc3 Kg8 33. Kb4 Kf8 34. a4 Rb8 35. axb5 axb5 36. f4 Kg8 37. h4 Kh8 38. g4 Rf8 39. Kxb5 Rxf4 40. Rxc4 Rxc4 41. Kxc4 Kg7 42. Kd4 Kf6 43. Ke4 Ke6 44. Kf4 Kd5 45. Kf3 g5 46. Kf2 Ke4 47. Kg3 Ke3 48. Kg2 Kf4 49. Kh2 Kxg4 50. hxg5 hxg5 51. Kg2 Kf4 52. Kf2 g4 53. Kg2 g3 54. Kf1 Kf3 55. Kg1 g2 56. Kh2 Kf2 57. Kh3 g1Q 58. Kh4 Qg6 59. Kh3 Qg3# 0-1

[Event "GER-ch U10"]
[Site "Willingen"]
[Date "2005.05.15"]
[Round "2"]
[White "Friedt, Marius"]
[Black "Priese, Annika"]
[Result "1-0"]
[WhiteElo "1127"]
[BlackElo "915"]
[PlyCount "85"]
[EventDate "2005.05.14"]
[EventType "swiss"]
[EventRounds "11"]
[EventCountry "GER"]
[SourceTitle "CBM 106 Extra"]
[Source "ChessBase"]
[SourceDate "2005.07.01"]
[SourceVersion "1"]
[SourceVersionDate "2005.07.01"]
[SourceQuality "1"]

1. e4 e5 2. Nf3 Nf6 3. Nxe5 Qe7 4. Nf3 Nxe4 5. Qe2 d5 6. d3 Bf5 7. dxe4 Bxe4 8. Nd4 Nd7 9. Nc3 g6 10. Nxe4 dxe4 11. Be3 Bg7 12. 0-0-0 0-0 13. Qb5 Qf6 14. Qxd7 c5 15. Qxb7 Rab8 16. Qxa7 Rb4 17. Qxc5 Rfb8 18. b3 Bf8 19. Qc6 Qe5 20. f4 Qa5 21. Qa6 Qc7 22. Nc6 R4b6 23. Bxb6 Rxb6 24. Qa4 Rxc6 25. Qxe4 h6 26. Bd3 Re6 27. Qc4 Qa7 28. Kb1 Bg7 29. Rhe1 Qe7 30. Qc8+ Kh7 31. Rxe6 fxe6 32. Bc4 Qf6 33. Kc1 Qb2+ 34. Kd2 Qc3+ 35. Ke2 Qxc2+ 36. Rd2 Qe4+ 37. Kd1 Bc3 38. Qxe6 h5 39. Qxe4 Bxd2 40. Kxd2 Kh6 41. Bd3 Kh7 42. Qxg6+ Kh8 43. Qh7# 1-0

[Event "GER-ch U10"]
[Site "Willingen"]
[Date "2005.05.15"]
[Round "1"]
[White "Kaphle, Sebastian"]
[Black "Friedt, Marius"]
[Result "1-0"]
[WhiteElo "1824"]
[BlackElo "1127"]
[PlyCount "85"]
[EventDate "2005.05.14"]
[EventType "swiss"]
[EventRounds "11"]
[EventCountry "GER"]
[SourceTitle "CBM 106 Extra"]
[Source "ChessBase"]
[SourceDate "2005.07.01"]
[SourceVersion "1"]
[SourceVersionDate "2005.07.01"]
[SourceQuality "1"]

1. e4 c5 2. Nf3 Nc6 3. d4 cxd4 4. Nxd4 g6 5. Nc3 Bg7 6. Be3 Nf6 7. Bc4 Qa5 8. Qd2 Qb4 9. Bb3 Nxe4 10. Nxc6 Qxc3 11. bxc3 Nxd2 12. Kxd2 bxc6 13. Bd4 Bh6+ 14. Kd3 Ba6+ 15. c4 0-0 16. Rhe1 Rfe8 17. Re4 d5 18. Re2 f6 19. Re6 dxc4+ 20. Bxc4 Bb5 21. Rae1 Bxc4+ 22. Kxc4 Bf8 23. Bxf6 Kf7 24. Bd4 Rec8 25. h4 c5 26. Bc3 Rab8 27. R6e5 h5 28. f4 Rb6 29. f5 Rc7 30. fxg6+ Rxg6 31. Rf5+ Kg8 32. Rxh5 Kf7 33. Rf1+ Ke8 34. Ba5 Rd7 35. Rxc5 Rf6 36. Rc8+ Kf7 37. Rxf6+ exf6 38. Rc7 Rxc7+ 39. Bxc7 Ke7 40. Kd5 Kd7 41. Bf4 a5 42. h5 Ke7 43. Bd6+ 1-0